000 00492nam a2200205Ia 4500
001 7476
003 GE_BSU
008 181216s||||||||xx |||||||||||||| ||und||
040 _cGE_BSU
080 _a624.072
100 _aЖемочкин,Б.Н.
245 _aРасчет рам.
245 _cНауч. ред. И.К.Снитко.
260 _aМ.
260 _bСтройиздат.
260 _c1965.
300 _a405стр.22см.
653 _aРасчет рам.
942 _cBK
999 _c40836
_d40836